"Védjük meg ... Szeged becsületét!" A forradalom és megtorlás levéltári dokumentumaiból

Elmentve itt :
Bibliográfiai részletek
Dokumentumtípus: Cikk
Megjelent: 1994-10-22
Sorozat:Délmagyarország 84 No. 248
Kulcsszavak:Farkas Csaba
Online Access:http://dmarchiv.bibl.u-szeged.hu/93570
LEADER 00470nab a2200145 i 4500
001 delm93570
005 20191008145738.0
008 191008s1994 hu o 0|| hun d
040 |a SZTE Délmagyarország Archívum  |b hun 
041 |a hun 
245 0 0 |a "Védjük meg ... Szeged becsületét!"   |h [elektronikus dokumentum] :  |b A forradalom és megtorlás levéltári dokumentumaiból 
260 |c 1994-10-22 
300 |a 8-9 
490 0 |a Délmagyarország  |v 84 No. 248 
695 |a Farkas Csaba